000
00273nam a22001217a 4500
008
170613b xxu||||| |||| 00| 0 eng d
041
_a
eng
080
_a
32
100
_a
19
101
_a
SHP
245
_a
SOUTHERN AFRICA IN PERSPECTIVE
_c
POTHON.CH.P
942
_2
udc
_c
BK
999
_c
17142
_d
17142